000 00569nam a2200229Ia 4500
008 160216s9999 xx 000 0 und d
020 _a0-74877-8079-3
050 _aMAIN BJ 1012
050 _b.B69 2004
100 _aBowie, Robert
245 _aEthical studies /
245 _cRobert Bowie.
250 _a2nd Edition
260 _aUnited Kingdon :
260 _bNelson Thomes Ltd.
260 _c2004
300 _a346 pages :
300 _bill. ;
300 _c24 cm.
500 _aIncludes bibliographical references and index.
650 _aEthics.
999 _c290850
_d290850